MARBLEGEN - Statistiques

Statistiques générales
  • Ce quiz a été pris 4 fois
  • Le résultat moyen est 27 sur 170
Statistiques - réponses
Par images Réponse % Correct
Aïssa
67%
Cosmo
67%
Luna
67%
Rémus
67%
Romulus
67%
Aldebaran
33%
Alhéna
33%
Altaïr
33%
Ambre
33%
Ankylosaurus
33%
Aquabille
33%
Arneb
33%
Baba
33%
Baron Samedi
33%
Bellatrix
33%
Billes Fantômes
33%
Bishop
33%
Bouton D'or
33%
Brigit
33%
Cerbère
33%
Chandra
33%
Charon
33%
Chevalier Vert
33%
Chronos
33%
Coccinelle
33%
Crocodile
33%
David
33%
Deimos
33%
Désert
33%
Echidna
33%
éole
33%
Fantômes
33%
Fée
33%
Gaïa
33%
Gauvain
33%
Gobelin
33%
Halley
33%
Hamal
33%
Horus
33%
Hypnos
33%
Inti
33%
Isham
33%
Juno
33%
Jupiter
33%
Kali
33%
Kamel
33%
Léviathan
33%
Licorne
33%
L'unique
33%
Lycan
33%
Lyncis
33%
Marcellus King
33%
Mars
33%
Médusa
33%
Mercure
33%
Météorite
33%
Morgane
33%
Nounours
33%
Nubia
33%
Ousir
33%
Papillon
33%
Pégasus
33%
Phoebos
33%
Polaris
33%
Sam
33%
Saturne
33%
Scorpio
33%
Serpentin
33%
Six Pack
33%
Troll
33%
Tyrannosaure
33%
Véloci
33%
Vénus
33%
Violette
33%
Wihelmina
33%
Yanko Le Magnifique
33%
Achilobille
0%
Acrab
0%
Alchimiste Des Incas
0%
Amaru
0%
Ao Guang
0%
Ao Kin
0%
Ao Run
0%
Aurore Boréale
0%
Azul
0%
Baryon
0%
Baz
0%
Bételgeuse
0%
Bille Disco
0%
Bille Flash
0%
Bille Loup-Garou bleue
0%
Bille Loup-Garou Jaune
0%
Bille Miroir
0%
Bille Ronce
0%
Billes Bombeks
0%
Billes Dragées
0%
Billes Jumelles Maléfiques
0%
Boadicée
0%
Céres
0%
Chevalier Sans Tête
0%
Chimpanbille
0%
Connecto
0%
Cornu
0%
Décal
0%
Dragon Tonnerre
0%
Edgar
0%
Electroma
0%
Elgenubi
0%
Ere Glaciaire
0%
Eschamali
0%
Fabrice
0%
Feofan
0%
Fester
0%
Freyja
0%
Galaad
0%
Giove
0%
Gretel
0%
Hamelin
0%
Hansel
0%
Incanation Masculine
0%
Incarnation Féminine
0%
Ivan
0%
Ivy
0%
Ivybean
0%
Izakandar
0%
Jack
0%
Jing
0%
Kat
0%
Kelly
0%
Khéops
0%
Laurius
0%
Lepton
0%
Les Aloha
0%
Lupang
0%
M31
0%
Matt
0%
Mina
0%
Mirage
0%
Misti
0%
Myrddin
0%
Naine Rouge
0%
Naja
0%
Nathaniel
0%
Nénusia
0%
Paolo
0%
Pat
0%
Perceval
0%
Pictoris
0%
Pissenlit
0%
Princesse
0%
Proto-17
0%
Raptorus
0%
Rosépine
0%
Sapa
0%
Scarabée d'or
0%
Sheratan
0%
Sniper Des Bonbeks
0%
Sucellos
0%
Tarentula
0%
Télémak
0%
Tony
0%
Tony Tarentule
0%
Tsunoma
0%
Vassilia
0%
Volga
0%
Vulcain
0%
Yvain
0%
Ziglo
0%
Zooméo Costelo
0%
Zoran
0%
Aucun quiz correspondant
Distribution des résultats
% des personnes avec chaque résultat
Percentile par nombre de réponses
Votre historique - résultats
Vous n’avez pas pris ce quiz